000 00549nam a2200205Ii 4500
003 JO-AjNU
008 230606s9999||||xx |||||||||||||| ||und||
020 _a0-471-17055-0
040 _aJO-AjNU
_beng
_erda
_cJO-AjNU
041 _aeng
050 1 4 _aQA184.A47.2000
100 3 _aAnton,howard,
_eauthor
_93554
245 0 0 _aElementary Linear Algebra
264 3 1 _aWILEY,2000
300 _a588p
336 _atext
_btxt
_2rdacontent
337 _aunmediated
_bn
_2rdamedia
338 _avolume
_bnc
_2rdacarrier
650 4 _a Mathematics. 
_93555
999 _aE1855
_c1855
_d1855